000 00230 a2200097 4500
001 54999
100 _aAshfaq Ahmed
245 _aAashiany ( Talqeen shah)
260 _alahore
_bSange meel Pub, Lahore
_c2007
090 _c34097
_d34097
942 _aNUST-CAE
_c
_c26777
999 _c290072
_d290072